| 000 | 01056nam a2200313Ia 4500 | ||
|---|---|---|---|
| 003 | OSt | ||
| 005 | 20221007122042.0 | ||
| 006 | a|||||r|||| 00| 0 | ||
| 007 | ta | ||
| 008 | 221006b |||||||| |||| 00| 0 eng d | ||
| 020 |
_a1588294021 (hbd) _cRs.4451.63 |
||
| 024 | _a76984 | ||
| 037 |
_b320, 08/03/2007, Ashutosh Technical Books _cTextbook |
||
| 040 |
_aBDL _cBDL _beng |
||
| 041 |
_2eng _aeng |
||
| 082 | _aE9G:64, P6 Carb | ||
| 100 |
_aDarby Ian A Ed. _9713378 |
||
| 245 | 0 |
_aIn situ hybridization protocols _b Hewitson Tim D Ed. |
|
| 250 | _a3 | ||
| 260 |
_aNew _bJersey Humana Press _c2006 |
||
| 300 |
_axi, 269p. _ccm. |
||
| 490 | _aMethods in molecular biology; 326 | ||
| 500 | _aIncludes bibliographical references.; Index 265-269p. | ||
| 650 |
_a Insitu hybridization _9713379 |
||
| 650 | _aBiochemistry | ||
| 700 |
_a Hewitson Tim D Ed. _9713380 |
||
| 942 |
_hE9G:64, P6 Carb _cTB _2CC |
||
| 999 |
_c1209725 _d1209725 |
||